00539cam a22002291 4500001001300000003000400013005001700017008004100034010001700075025001900092035002000111040002100131042001200152050002200164100002800186245002300214260001100237300001800248500001400266500001200280999001700292sa 65009795 DLC20260227112204.0950117s1965 ii 000 0 tamo  asa 65009795  aPL480:I-T-1205 a(OCoLC)31829455 aDLCcCUdCUdDLC apremarc00aPL4758.9.S883bV51 aSundaram, S. D.,d1921-10aVīramakācakti. c[1965] a80 p.c18 cm. aIn Tamil. aA play. c66430d66430